000
00222 a2200097 4500
001
47858
100
_a
Jesman C
245
_a
The Ethiopian Paradox
260
_a
London
_b
Oxford University Press
_c
090
_c
30854
_d
30854
942
_a
NUST-CAE
_c
M
_c
23174
999
_c
282931
_d
282931